000 00284nam a22001337a 4500
008 180215b xxu||||| |||| 00| 0 eng d
020 _a9780789718525
041 _aeng
080 _a004
100 _a28
101 _aSHK
245 _aUsing word 2000
_cCamarda,B
942 _2udc
_cBK
999 _c42705
_d42705